000 00527nam a2200229Ia 4500
005 20250425162151.0
008 250425s9999 xx 000 0 und d
020 _a9978622500
041 _aspa
043 _aec
082 _a323.4
100 _aPEREZ GUERRERO, ALFREDO
245 0 _aECUADOR: ENSAYO
250 _a1A ED.
260 _aEcuador
_bCASA DE LA CULTURA ECUATORIANA
_c2002
260 _aQUITO
300 _a139
650 _aDERECHOS POLITICOS
650 _aPOLITICA
942 _c01
010 _a54141
999 _c223698
_d223698